[Event "Edda Rapid"]
[Site "Reykjavic ISL"]
[Date "2003.03.04"]
[Round "7"]
[White "Bergsson,S"]
[Black "Ptacnikova,L"]
[Result "0-1"]
[WhiteElo "2021"]
[BlackElo "2236"]

1.Nf3 Nf6 2.g3 b6 3.Bg2 Bb7 4.O-O c5 5.c4 e6 6.b3 Be7 7.Bb2 O-O 8.d3 d5 9.Nbd2 d4
10.b4 Nbd7 11.b5 Qc7 12.Qc2 e5 13.h3 Nh5 14.a4 a5 15.Rfe1 f5 16.Nh2 Bxg2
17.Kxg2 Bd6 18.e4 f4 19.Ndf3 fxg3 20.fxg3 Be7 21.Rf1 Qd6 22.Qf2 Qg6 23.Ng4 Rf7
24.Qe2 Nxg3 25.Kxg3 h5 26.Nh4 Bxh4+ 27.Kxh4 hxg4 28.Qxg4 Qh6+ 29.Kg3 Nf6
30.Qe2 Nh5+ 31.Kh2 Qg5  0-1

[Event "ch-Serbia"]
[Site "Dimitrovgrad YUG"]
[Date "2003.03.06"]
[Round "7"]
[White "Markovic,Milo"]
[Black "Nestorovic,N"]
[Result "1-0"]
[WhiteElo "2321"]
[BlackElo "2152"]

1.Nf3 c5 2.c4 Nf6 3.g3 b6 4.Bg2 Bb7 5.O-O e6 6.Nc3 Be7 7.d3 d6 8.a3 Nbd7
9.b4 O-O 10.b5 d5 11.a4 d4 12.Nb1 Bd6 13.Nbd2 a5 14.Ba3 h6 15.Nxd4 Bxg2 16.Kxg2 Qc8
17.Nc6 Ne5 18.Nxe5 Bxe5 19.Rb1 Rd8 20.Qc2 Qb7+ 21.Nf3 Nh7 22.Kg1 Ng5 23.Nxg5 hxg5
24.Qc1 Qe7 25.Qe3 Bf6 26.Qe4 Ra7 27.Qf3 Rad7 28.Bc1 g6 29.Be3 Kg7 30.Qg4 e5
31.f3 Rh8 32.Kg2 Rh5 33.Qe4 Kg8 34.Rfc1 Bg7 35.Qc6 Rb7 36.g4 Rh8 37.Bxg5 f6
38.Be3 Kh7 39.h4 Rd8 40.h5 g5 41.Qe4+ Kg8 42.h6 Bxh6 43.Rh1 Bg7 44.Rh7 Rdd7
45.Rbh1 Qf7 46.Bf2 Rd6 47.Qf5 Rbd7 48.Be3 Rc7 49.R7h2 Rcd7 50.Qh7+ Kf8 51.Qe4 Kg8
52.Kg3 Rd8 53.Qh7+ Kf8 54.Qh3 Kg8 55.Qg2 Qg6 56.Rh5 Kf7 57.Qf2 Rc8 58.Rh7 Ke6
59.Qg2  1-0

[Event "ch-Serbia"]
[Site "Dimitrovgrad YUG"]
[Date "2003.03.07"]
[Round "8"]
[White "Ilic,DB"]
[Black "Vuckovic,Bo"]
[Result "0-1"]
[WhiteElo "2306"]
[BlackElo "2495"]

1.Nf3 Nf6 2.c4 c5 3.g3 b6 4.Bg2 Bb7 5.O-O e6 6.Nc3 Be7 7.d4 cxd4 8.Qxd4 d6
9.e4 O-O 10.Rd1 Nbd7 11.Qe3 Qc7 12.b3 a6 13.Ba3 Rfe8 14.Rac1 Rac8 15.Nd4 Qb8
16.h3 Nc5 17.Bb2 Bf8 18.Nde2 g6 19.g4 Bg7 20.Ng3 d5 21.e5 Nfd7 22.cxd5 exd5
23.Nxd5 Nxe5 24.Ne4 Bxd5 25.Rxd5 Nxg4 26.hxg4 Bxb2 27.Rc4 Nxe4 28.Bxe4 Rxc4
29.bxc4 Qc8 30.Qe2 Bg7 31.g5 Qe6 32.f3 Be5 33.Qd2 Qh3 34.Rd7 Bh2+ 35.Kf2 Qg3+
36.Ke2 Bg1 37.Kd1 Qe5 38.Rd5 Qa1+ 39.Ke2 Bc5 40.Rd7 Qe5 41.a4 Qh2+ 42.Kd1 Qg1+
43.Ke2 Qf2+ 44.Kd3 Qf1+ 45.Qe2 Qa1 46.Qc2 Qa3+ 47.Qc3 Qxa4 48.Rd5 Qd1+ 49.Qd2 Qb1+
50.Qc2 Qg1 51.Qd2 a5 52.Rd7 Bb4 53.Qe2 Qxg5 54.Qh2 Qc1 55.Qc2 Qf1+ 56.Kd4 Qg1+
57.Kd3 Bc5 58.Kc3 Qe3+ 59.Kb2 Re7 60.Rd8+ Kg7 61.Rd3 Qf4 62.Kb3 a4+ 63.Ka2 a3
64.Rd8 Qf6 65.Rd5 h5 66.Rd2 Re5 67.Rd7  0-1

[Event "FSGM March"]
[Site "Budapest HUN"]
[Date "2003.03.10"]
[Round "10"]
[White "Flumbort,A"]
[Black "Andreikin,D"]
[Result "1-0"]
[WhiteElo "2443"]
[BlackElo "2342"]

1.Nf3 Nf6 2.c4 e6 3.g3 b6 4.Bg2 Bb7 5.O-O c5 6.Nc3 Nc6 7.d4 Nxd4 8.Nxd4 Bxg2
9.Kxg2 cxd4 10.Qxd4 Bc5 11.Qd3 Qc7 12.Bf4 Qc6+ 13.Qf3 O-O 14.Rfd1 Rfc8 15.Rac1 a6
16.e4 Bb4 17.e5 Bxc3 18.Qxc6 Rxc6 19.Rxc3 Ne4 20.Re3 f5 21.f3 Nc5 22.Ra3 Rc7
23.b4 Nb7 24.Be3 Rac8 25.Rxa6 Rxc4 26.Rxd7 Rc2+ 27.Kh3 Nd8 28.Raa7 Nc6 29.Rxg7+ Kf8
30.Raf7+ Ke8 31.Rxh7 Nxe5 32.Re7+ Kd8 33.Bxb6+  1-0

[Event "Mediteranian Flower WGM"]
[Site "Rejika CRO"]
[Date "2003.03.12"]
[Round "6"]
[White "Pahor,A"]
[Black "Franciskovic,B"]
[Result "1/2-1/2"]
[WhiteElo "2034"]
[BlackElo "1991"]

1.Nf3 Nf6 2.c4 c5 3.g3 b6 4.Bg2 Bb7 5.O-O e6 6.Nc3 Be7 7.d4 cxd4 8.Qxd4 d6
9.Bg5 h6 10.Bxf6 Bxf6 11.Qd3 a6 12.Rad1 Be7 13.Nd4 Bxg2 14.Kxg2 O-O 15.f4 Qc8
16.Qe4 Ra7 17.f5 Qxc4 18.fxe6 fxe6 19.Rxf8+ Bxf8 20.Qxe6+ Qxe6 21.Nxe6 Rd7
22.Nd5 b5 23.Rc1 Rf7 24.Rc8 Nd7 25.Rd8 Nc5 26.Nxf8 Rxf8 27.Rxd6 Ne4 28.Rxa6 Rf2+
29.Kg1 Rxe2 30.b4 Rd2 31.Nc7 Nc3 32.a3 Ne4 33.Nxb5 Ng5 34.h4 Nf3+ 35.Kf1 Nh2+
36.Ke1 Nf3+ 37.Kf1  1/2-1/2

[Event "Spring Festival GM"]
[Site "Bucharest ROM"]
[Date "2003.03.17"]
[Round "15"]
[White "Badea,B"]
[Black "Vasiesiu,D"]
[Result "1/2-1/2"]
[WhiteElo "2495"]
[BlackElo "2435"]

1.c4 c5 2.Nf3 Nf6 3.g3 b6 4.Bg2 Bb7 5.O-O e6 6.Nc3 Be7 7.Re1 Ne4 8.Nxe4 Bxe4
9.d3 Bb7 10.e4 d6 11.d4  1/2-1/2

[Event "ch-SCO"]
[Site "Edinburgh SCO"]
[Date "2003.04.09"]
[Round "5"]
[White "Motwani,P"]
[Black "Pritchett,C"]
[Result "1-0"]
[WhiteElo "2528"]
[BlackElo "2318"]

1.Nf3 Nf6 2.g3 b6 3.Bg2 Bb7 4.O-O e6 5.c4 c5 6.Nc3 Be7 7.Re1 d6 8.e4 a6 9.d4 cxd4
10.Nxd4 Qc7 11.Be3 O-O 12.Rc1 Nbd7 13.f4 Rfe8 14.g4 g6 15.g5 Nh5 16.Nde2 f5
17.exf5 gxf5 18.Nd5 exd5 19.Bxd5+ Bxd5 20.Qxd5+ Kh8 21.Bd4+ Ng7 22.Ng3 Ne5
23.fxe5 dxe5 24.Bxe5 Qc5+ 25.Kg2 Qxd5+ 26.cxd5 Bxg5 27.Rc6  1-0

[Event "6th St Quentin Open"]
[Site "Elancourt FRA"]
[Date "2003.04.14"]
[Round "4"]
[White "Ayral,V"]
[Black "Zigura,O"]
[Result "0-1"]
[WhiteElo "2020"]
[BlackElo "2367"]

1.Nf3 Nf6 2.g3 b6 3.Bg2 Bb7 4.O-O e6 5.c4 c5 6.e3 Be7 7.b3 O-O 8.Bb2 Nc6
9.d4 cxd4 10.Nxd4 Qc7 11.Nc3 Nxd4 12.Qxd4 Bxg2 13.Kxg2 Rfd8 14.e4 Ne8 15.f4 d6
16.Rae1 Bf6 17.Qd2 a6 18.g4 b5 19.cxb5 axb5 20.Rf3 b4 21.Nb5 Qb7 22.a4 bxa3
23.Nxa3 Bxb2 24.Qxb2 Nf6 25.e5 dxe5 26.Rxe5 Rd3  0-1

[Event "6th St Quentin Open"]
[Site "Elancourt FRA"]
[Date "2003.04.19"]
[Round "9"]
[White "Hadet,E"]
[Black "Zigura,O"]
[Result "0-1"]
[WhiteElo "2116"]
[BlackElo "2367"]

1.Nf3 Nf6 2.c4 e6 3.g3 b6 4.Bg2 Bb7 5.O-O c5 6.d4 cxd4 7.Qxd4 Nc6 8.Qd1 Be7
9.b3 Qc7 10.Bb2 a6 11.Nc3 O-O 12.e4 d6 13.Rc1 Ne5 14.Nxe5 dxe5 15.Qe2 Bc6
16.Nd5 exd5 17.cxd5 Bb5 18.Rxc7 Bxe2 19.Re1 Bd8  0-1

[Event "Commonwealth Ch"]
[Site "Mumbai IND"]
[Date "2003.04.23"]
[Round "6"]
[White "Hegde,R"]
[Black "Ahmed,SN"]
[Result "1-0"]
[WhiteElo "2354"]
[BlackElo "2284"]

1.Nf3 Nf6 2.c4 e6 3.g3 b6 4.Bg2 Bb7 5.O-O c5 6.Nc3 Be7 7.Re1 d5 8.cxd5 Nxd5
9.e4 Nb4 10.d4 cxd4 11.Nxd4 N8c6 12.Be3 Nxd4 13.Bxd4 O-O 14.a3 Nc6 15.Be3 Qxd1
16.Raxd1 Rfd8 17.e5 Rab8 18.f4 Na5 19.Bxb7 Rxb7 20.Rxd8+ Bxd8 21.Ne4 Nc4
22.Rd1 Be7 23.Bc1 Kf8 24.Kf2 Rc7 25.Ke2 Ke8 26.Kd3 Rd7+ 27.Kc2 Rxd1 28.Kxd1 f6
29.exf6 gxf6 30.Kc2 Kd7 31.Kd3 Nd6 32.Bd2 h5 33.Bc3 Nxe4 34.Kxe4 f5+ 35.Ke5 Bc5
36.Kf6 Be7+ 37.Kg6 h4 38.gxh4 Bxh4 39.Bf6 Bf2 40.h4 Be3 41.Be5  1-0

[Event "5th Open"]
[Site "Dubai UAE"]
[Date "2003.04.25"]
[Round "6"]
[White "Pigusov,E"]
[Black "Sargissian,G"]
[Result "0-1"]
[WhiteElo "2588"]
[BlackElo "2572"]

1.Nf3 c5 2.c4 Nf6 3.g3 b6 4.Bg2 Bb7 5.O-O e6 6.Nc3 d6 7.b3 Nbd7 8.Bb2 Be7
9.e3 O-O 10.d4 cxd4 11.exd4 d5 12.Ne5 Bb4 13.Rc1 Rc8 14.Ne2 Ne4 15.Nd3 Be7
16.Nef4 Ndf6 17.Qe2 Re8 18.Ne5 Bf8 19.Rc2 Re7 20.Rfc1 Rec7 21.g4 dxc4 22.bxc4 Nd6
23.c5 Bxg2 24.Kxg2 Nb7 25.cxb6 Rxc2 26.Rxc2 Rxc2 27.Qxc2 axb6 28.Qc6 Na5
29.Qf3 Bd6 30.Bc3 h6 31.h4 Bxe5 32.dxe5 Nd5 33.Nxd5 exd5 34.Bxa5 bxa5 35.h5 d4
36.Kf1 d3 37.Ke1 Qd4 38.Kd2 Qb2+ 39.Kxd3 Qa3+ 40.Ke4 Qxa2 41.Qc3 Qe2+ 42.Kd5 Qxg4
43.Qxa5 Qxh5 44.Qd2 Qf5 45.Qe3 g5 46.Kd4  0-1

[Event "ch-RUS w"]
[Site "Elista RUS"]
[Date "2003.05.18"]
[Round "1"]
[White "Chistiakova,T"]
[Black "Kursova,M"]
[Result "1-0"]
[WhiteElo "2341"]
[BlackElo "2220"]

1.Nf3 c5 2.c4 b6 3.g3 Bb7 4.Bg2 Nf6 5.O-O e6 6.b3 Be7 7.Bb2 O-O 8.Nc3 d5
9.e3 dxc4 10.bxc4 Nc6 11.Qe2 Rc8 12.Rad1 Qc7 13.Ne1 a6 14.f4 Na7 15.a4 Bc6
16.g4 Ne8 17.f5 Bf6 18.Nd3 Bxg2 19.Qxg2 Nd6 20.fxe6 fxe6 21.g5 Bxc3 22.Bxc3 Qc6
23.Qh3 Rf5 24.Rxf5 exf5 25.Nf4 Qxa4 26.Ra1 Qxc4 27.Bxg7 Kxg7 28.Qh6+ Kg8
29.Qxd6 Nc6 30.Qd7  1-0

[Event "28th Elekes Mem IM"]
[Site "Budapest HUN"]
[Date "2003.05.19"]
[Round "3"]
[White "McDonald,N"]
[Black "Lorincz,I"]
[Result "1-0"]
[WhiteElo "2392"]
[BlackElo "2314"]

1.c4 Nf6 2.Nf3 e6 3.g3 b6 4.Bg2 Bb7 5.O-O c5 6.Nc3 d6 7.b3 Nbd7 8.Bb2 Be7
9.e3 Qb8 10.d4 cxd4 11.Nxd4 Bxg2 12.Kxg2 Qb7+ 13.Qf3 Qxf3+ 14.Kxf3 Rc8 15.Rad1 a6
16.Ke2 Nc5 17.f4 h5 18.Kf3 g5 19.f5 e5 20.Nc2 e4+ 21.Kg2 Rh6 22.Nb4 h4 23.Ncd5 Nxd5
24.Nxd5 b5 25.Bg7 Rh7 26.Bf6 Bd8 27.Rd4 Nd7 28.Rxe4+ Kf8 29.Bxd8 Rxd8 30.gxh4 gxh4
31.Kh3 Rc8 32.Rff4 bxc4 33.Rxc4  1-0

[Event "28th Elekes Mem IM"]
[Site "Budapest HUN"]
[Date "2003.05.20"]
[Round "4"]
[White "McDonald,N"]
[Black "Grafl,F"]
[Result "1/2-1/2"]
[WhiteElo "2392"]
[BlackElo "2317"]

1.c4 Nf6 2.Nf3 c5 3.g3 b6 4.Bg2 Bb7 5.O-O e6 6.Nc3 d6 7.Re1 Be7 8.e4 Nc6
9.d4 cxd4 10.Nxd4 Nxd4 11.Qxd4 O-O 12.b3 Qc7 13.Ba3 a6 14.Rad1 Rfd8 15.Qe3 Nd7
16.Re2 Nc5 17.Red2 Rac8 18.f4 Bf8 19.Kh1 Qb8 20.Bxc5 bxc5 21.f5 Re8 22.fxe6 fxe6
23.e5 Bxg2+ 24.Kxg2 dxe5 25.Kh3 Be7 26.Ne4 Red8 27.Rd7 Rxd7 28.Rxd7 Rc7 29.Rxc7 Qxc7
30.Kg2 Qd8 31.h4 Qd4 32.Qe2 Qa1 33.Nf2 Bf6 34.Ne4 Be7 35.Qd2 Qd4 36.Kf3 Kf7
37.Qc2 Kg8 38.Nf2 Qa1 39.Ke2 Qg1 40.Qd3 Qa1 41.a4 Qb2+ 42.Kf3 Bf6 43.Ne4 Be7
44.Kg4 Qd4 45.Qf3 Qb2 46.Kh3 Qd4 47.Qg4 Qd7 48.Qh5 Qd3 49.Qe8+ Bf8 50.Qxe6+ Kh8
51.Qf5 Be7 52.Qc8+ Bd8 53.Ng5 Qf1+ 54.Kh2 Qf2+ 55.Kh3  1/2-1/2

[Event "CRO-Cup"]
[Site "Rabac CRO"]
[Date "2003.05.30"]
[Round "5"]
[White "Savic,Mir"]
[Black "Zulj,L"]
[Result "1-0"]
[WhiteElo "2239"]
[BlackElo "2195"]

1.Nf3 Nf6 2.c4 e6 3.g3 b6 4.Bg2 Bb7 5.O-O c5 6.Nc3 Be7 7.b3 O-O 8.Bb2 d6
9.Rc1 Nbd7 10.Re1 a6 11.d4 cxd4 12.Qxd4 Qc7 13.h3 Rac8 14.e4 Rfd8 15.Qe3 Qb8
16.Qf4 Ba8 17.g4 b5 18.cxb5 axb5 19.g5 Ne8 20.h4 b4 21.Na4 Bc6 22.Qg4 Bxa4
23.bxa4 Nc5 24.Rb1 Nxa4 25.Nd4 Qa7 26.Ba1 Nc3 27.Rxb4 d5 28.Nb5 Nxb5 29.Rxb5 Nd6
30.Rb2 Rc4 31.h5 Bf8 32.g6 h6 33.Qh3 dxe4 34.Rd2 f5 35.Qb3 Rb8 36.Qe3 Qxe3
37.Rxe3 Rbc8 38.Bf1 Rc1 39.Ree2 R1c2 40.Rxc2 Rxc2 41.f4 Rxe2 42.Bxe2  1-0

[Event "IV Open"]
[Site "Lido Estensi ITA"]
[Date "2003.06.14"]
[Round "8"]
[White "Contin,D"]
[Black "Roeder,M"]
[Result "1/2-1/2"]
[WhiteElo "2340"]
[BlackElo "2447"]

1.Nf3 Nf6 2.c4 b6 3.g3 c5 4.Bg2 Bb7 5.O-O e6 6.Nc3 Be7 7.Re1 Ne4 8.Qc2 Nxc3
9.bxc3 Nc6 10.e4 O-O 11.d3  1/2-1/2

[Event "IV Open"]
[Site "Lido Estensi ITA"]
[Date "2003.06.14"]
[Round "8"]
[White "Sarno,S"]
[Black "Valenti,G"]
[Result "1/2-1/2"]
[WhiteElo "2425"]
[BlackElo "2226"]

1.c4 Nf6 2.Nf3 c5 3.g3 b6 4.Bg2 Bb7 5.O-O e6 6.b3 Be7 7.Bb2 O-O 8.e3 Nc6
9.Qe2 d5 10.Rd1 Qc7 11.Nc3 dxc4 12.bxc4 a6 13.Rab1 Rab8 14.Ba1 Rfd8 15.d3 Ba8
16.Ne1 Ne5 17.f4 Ned7 18.Bxa8 Rxa8 19.g4 Bf8 20.Qf3 Rab8 21.a4 Qb7 22.Qh3 Qc6
23.Nf3 g6 24.f5 Bg7 25.e4 exf5 26.gxf5 Re8 27.Rf1 Rb7 28.Ng5 h6 29.Nf3 g5
30.Qg2 g4 31.Ne1 Ne5 32.Kh1 Kh7 33.Rg1 Rbb8 34.h3 Rg8 35.Qh2 Rbe8 36.Nd5 Nxd5
37.exd5 Qxa4 38.hxg4 Nxg4 39.Rxg4 Bxa1 40.Qh5 Rxg4 41.Qxg4 Qa2 42.Qh5 Rg8
43.Rxb6 Qd2 44.Qxf7+ Rg7 45.Qe8 Qf2 46.Rg6 Qf1+ 47.Kh2 Qxf5 48.Rxg7+ Bxg7
49.Qe4 Be5+ 50.Kg2 Kg6 51.Nf3 Qxe4 52.dxe4 Bf6 53.Ne1 a5 54.Nd3 a4 55.Nxc5 a3
56.Nb3 a2 57.c5 a1=Q 58.Nxa1 Bxa1  1/2-1/2

[Event "2nd Open"]
[Site "La Fere FRA"]
[Date "2003.07.02"]
[Round "6"]
[White "Shchekachev,A"]
[Black "Sarakauskiene,Z"]
[Result "1-0"]
[WhiteElo "2592"]
[BlackElo "2206"]

1.Nf3 Nf6 2.c4 c5 3.g3 b6 4.Bg2 Bb7 5.O-O e6 6.Nc3 d6 7.b3 Be7 8.d4 cxd4
9.Qxd4 Nc6 10.Qf4 a6 11.Rd1 Qc7 12.Ba3 Rd8 13.Rac1 Qb8 14.Ng5 O-O 15.Nge4 Ne8
16.Qe3 Ba8 17.Na4 b5 18.Nb6 Bb7 19.Ng5 b4 20.Bb2 Bf6 21.Rc2 Bxb2 22.Rxb2 Nf6
23.Rbd2 Ne7 24.Bxb7 Qxb7 25.Na4 Nf5 26.Qf3 Qc7 27.Ne4 Ne8 28.Nec5 Qa7 29.Qc6 a5
30.Qb6 Qa8 31.e4 Ne7 32.Na6 Rc8 33.Qxa5 Rc6 34.Nb6 Qa7 35.c5 dxc5 36.Nd7 Rxa6
37.Qxc5 Qxc5 38.Nxc5 Ra8 39.Nd7 Nf6 40.Nxf8 Rxf8 41.Rd4 Nc6 42.Rc4 Ne5 43.Rxb4 h5
44.a4 Ra8 45.Rb5 Nc6 46.Rc5 Na5 47.b4 Nb7 48.Rc7 Rxa4 49.Rxb7 Nxe4 50.Rdd7 Ng5
51.h4 Nf3+ 52.Kg2 Ne5 53.Rd2 Ra3 54.Re2 Nc4 55.Rc2 Ne5 56.Rc5 Nd3 57.Rxh5 g6
58.Ra5 Rb3 59.Raa7 Rxb4 60.Rxf7 Ne5 61.Rfe7  1-0

[Event "ch-SWE"]
[Site "Umea SWE"]
[Date "2003.07.03"]
[Round "5"]
[White "Agrest,E"]
[Black "Karlsson,L"]
[Result "1/2-1/2"]
[WhiteElo "2591"]
[BlackElo "2478"]

1.c4 e6 2.Nf3 b6 3.g3 Bb7 4.Bg2 Nf6 5.O-O c5 6.Nc3 Be7 7.Re1 O-O 8.e4 d6
9.d4 cxd4 10.Nxd4 Qc8 11.Be3 a6 12.Rc1 Nbd7 13.f4 Re8 14.Bf2 g6 15.h3 Bf8
16.Nf3 Qc7 17.g4 Nc5 18.Qc2 Rac8 19.e5 dxe5 20.fxe5 Nfd7 21.Bg3 Bg7 22.Qe2 Nf8
23.b4 Bxf3 24.Bxf3 Ncd7  1/2-1/2

[Event "White Nights"]
[Site "St Petersburg RUS"]
[Date "2003.07.05"]
[Round "7"]
[White "Obodchuk,A"]
[Black "Andreikin,D"]
[Result "0-1"]
[WhiteElo "2417"]
[BlackElo "2402"]

1.Nf3 Nf6 2.c4 e6 3.g3 b6 4.Bg2 Bb7 5.O-O c5 6.Nc3 Be7 7.b3 O-O 8.Bb2 d5
9.e3 Nbd7 10.Qe2 Ne4 11.cxd5 exd5 12.d4 Bf6 13.Rfd1 Qe7 14.Rac1 a5 15.dxc5 Bxc3
16.Bxc3 bxc5 17.Ba1 a4 18.Nh4 axb3 19.axb3 Rxa1 20.Rxa1 Nc3 21.Qg4 Nxd1 22.Rxd1 Qe6
23.Qf4 Ne5 24.Nf3 f6 25.b4 g5 26.Nxg5 fxg5 27.Qxg5+ Kh8 28.bxc5 h6 29.Qh5 Rxf2
30.Bxd5 Bxd5 31.Rxd5 Qxd5 32.Qe8+ Kg7 33.Kxf2 Qd2+ 34.Kf1 Qd1+ 35.Kg2 Qe2+
36.Kh3 Qf1+ 37.Kh4 Ng6+ 38.Kg4 h5+ 39.Kg5 Qf6+  0-1

[Event "1st Stage Russian Cup"]
[Site "Tomsk RUS"]
[Date "2003.07.07"]
[Round "4"]
[White "Maletin,P"]
[Black "Dashibalov,E"]
[Result "1/2-1/2"]
[WhiteElo "2422"]
[BlackElo "2191"]

1.Nf3 Nf6 2.g3 b6 3.Bg2 Bb7 4.O-O e6 5.c4 c5 6.Nc3 Be7 7.Re1 d6 8.e4 a6 9.d4 cxd4
10.Nxd4 Qc7 11.Be3 Nbd7 12.f4 O-O 13.Rc1 Rac8 14.Bf2 Rfe8 15.b3 Bf8 16.g4 g6
17.g5 Nh5 18.Nde2 Qb8 19.Bf3 Ng7 20.Ng3 d5 21.exd5 Qxf4 22.Nge4 exd5 23.Bg3 Qxc1
24.Qxc1 dxe4 25.Bxe4 Bxe4 26.Rxe4 Ne6 27.Nd5 Bg7 28.Bf2 b5 29.c5 Ne5 30.b4 Nxg5  1/2-1/2

[Event "ch-IRL"]
[Site "Dublin IRL"]
[Date "2003.07.08"]
[Round "4"]
[White "O'Cinneide,M"]
[Black "Brady,S"]
[Result "0-1"]
[WhiteElo "2258"]
[BlackElo "2336"]

1.Nf3 Nf6 2.c4 b6 3.g3 c5 4.Bg2 Bb7 5.O-O e6 6.Nc3 Be7 7.Re1 Ne4 8.d4 Nxc3
9.bxc3 Be4 10.Bf1 Bxf3 11.exf3 Bf6 12.Be3 O-O 13.Rc1 d6 14.d5 e5 15.f4 Nd7
16.fxe5 Nxe5 17.f4 Ng6 18.h4 Re8 19.h5 Nf8 20.h6 g6 21.a4 Rb8 22.g4 Bh4 23.Re2 Bg3
24.Qd3 Qh4 25.Rg2 Bh2+ 26.Rxh2 Qg3+ 27.Rg2 Qxe3+ 28.Qxe3 Rxe3 29.Kf2 Rbe8
30.g5 f6 31.gxf6 Kf7 32.Rg3 R3e4 33.Rf3 Kxf6 34.a5 bxa5 35.Ra1 Rb8 36.Rxa5 Re7
37.Ra6 Rb6 38.Ra2 a6 39.Bh3 Nd7 40.Be6 Nb8 41.Re3 Rb1 42.Bg8 Rh1 43.Rxe7 Kxe7
44.Kg3 Rxh6 45.Rb2 Nd7 46.Rb7 Kd8 47.Be6 Nf6 48.Ra7 Ne4+ 49.Kf3 Nd2+ 50.Kg4 Rh1
51.Rxa6 Rg1+ 52.Kh4 Nxc4 53.Ra8+ Kc7 54.Ra7+ Kb6 55.Rxh7 Rh1+ 56.Bh3 Nd2
57.Kg3 Rc1 58.Rg7 Rxc3+ 59.Kg2 Rd3 60.Be6 c4 61.Rxg6 c3 62.Rg8 Rd4 63.Rb8+ Ka7  0-1

[Event "32nd TCh-GRE"]
[Site "Kallithea Chalkidiki GRE"]
[Date "2003.07.09"]
[Round "6"]
[White "Atalik,S"]
[Black "Hellsten,J"]
[Result "1-0"]
[WhiteElo "2599"]
[BlackElo "2511"]

1.Nf3 Nf6 2.c4 b6 3.g3 c5 4.Bg2 Bb7 5.O-O e6 6.Nc3 Be7 7.d4 cxd4 8.Qxd4 d6
9.Bg5 h6 10.Bxf6 Bxf6 11.Qf4 Bxc3 12.bxc3 Na6 13.Rfd1 Nc5 14.Rxd6 Qf6 15.Qe3 Bxf3
16.Bxf3 Rd8 17.Bc6+ Ke7 18.Rd4 Rd6 19.Bg2 Rhd8 20.Rad1 Na4 21.Rxd6 Rxd6 22.Rxd6 Kxd6
23.Qe4 Nxc3 24.Qc6+ Ke5 25.Qd7 Nxe2+ 26.Kf1 Nd4 27.Qc7+ Kf5 28.Qf4+ Kg6 29.Be4+ Nf5
30.g4  1-0

[Event "Open"]
[Site "Saint Lo FRA"]
[Date "2003.07.11"]
[Round "3"]
[White "Brenneur,R"]
[Black "Georgescu,I"]
[Result "1-0"]
[WhiteElo "2024"]
[BlackElo "2097"]

1.Nf3 c5 2.g3 b6 3.Bg2 Bb7 4.c4 e6 5.O-O Nf6 6.Nc3 a6 7.e3 Qc7 8.b3 Be7 9.Bb2 O-O
10.d3 d6 11.Qe2 Nbd7 12.e4 Rfe8 13.Rae1 Rad8 14.Nh4 g6 15.f4 Nh5 16.f5 Ne5
17.fxg6 hxg6 18.Qd2 Bf8 19.Bf3 Nxf3+ 20.Nxf3 Bc6 21.Nd1 b5 22.g4 d5 23.gxh5 dxe4
24.Qc3 e5 25.dxe4 Bg7 26.hxg6 fxg6 27.Ng5 Qd7 28.Qg3 Rf8 29.Ne3 Qd2 30.Bc1 Qd7
31.Nd5 bxc4 32.bxc4 Bxd5 33.cxd5 Qa4 34.Qh3 Qd4+ 35.Be3 Rxf1+ 36.Rxf1  1-0

[Event "Andorra"]
[Site "Andorra la Vella AND"]
[Date "2003.07.12"]
[Round "8"]
[White "Berkovich,M"]
[Black "Aloma Vidal,R"]
[Result "1/2-1/2"]
[WhiteElo "2410"]
[BlackElo "2153"]

1.c4 e6 2.Nf3 b6 3.g3 c5 4.Bg2 Bb7 5.O-O Nf6 6.Nc3 Be7 7.d4 cxd4 8.Qxd4 d6
9.Bg5 a6 10.Bxf6 Bxf6 11.Qd3 Bxf3 12.exf3 Ra7 13.f4 O-O 14.f5 Bxc3 15.bxc3 exf5
16.Qxf5 Rc7 17.Qf4 Nc6 18.Rfd1 Ne5 19.Rd4 Qc8 20.Rxd6 Nxc4 21.Rd4 Na5 22.h4 Rxc3
23.h5 h6 24.Rad1 Rc5 25.Qh4 Rc1 26.Bd5 Rxd1+ 27.Rxd1 Qc2 28.Qg4 b5 29.Be4 Qc5
30.Rd5 Qc1+ 31.Kg2 Qc8 32.Qxc8 Rxc8 33.Rd6 Nc4 34.Rxa6 Rd8 35.Ra7 Nd6 36.Bd5 Kf8
37.f4 Rb8 38.Kf3 b4 39.g4 Rb5 40.Bb3 Nb7 41.Bc4 Rb6 42.g5 Nd6 43.Bb3 Rb7
44.Ra8+ Ke7 45.Kg4 Rb5 46.Ra7+ Rb7 47.Ra8 Rb5 48.Ba4 Rb6 49.gxh6 gxh6 50.Rh8 Ra6
51.Bb3 Ne4 52.Rb8 Nf6+ 53.Kf3 Ra7 54.Rxb4 Nxh5 55.Re4+ Kd6 56.Re8 Ng7 57.Rf8 Ne6
58.Rh8 Nd4+ 59.Ke4 Nxb3 60.Rxh6+ Ke7 61.axb3 Rb7 62.Rh3 Rb4+ 63.Kf5 Rb5+
64.Kg4 Rb4 65.Rc3 Ke6 66.Kf3 Kf5 67.Kg3 f6 68.Rf3 Re4 69.Rc3 Rb4 70.Rc5+ Kg6
71.Rc3 Kf5 72.Rd3 Ke4 73.Rc3 Kf5  1/2-1/2

[Event "FSIM July"]
[Site "Budapest HUN"]
[Date "2003.07.15"]
[Round "11"]
[White "Husari,Sa"]
[Black "Reiss,T"]
[Result "0-1"]
[WhiteElo "2355"]
[BlackElo "2343"]

1.Nf3 c5 2.g3 b6 3.Bg2 Bb7 4.O-O Nf6 5.c4 e6 6.Nc3 Be7 7.Re1 d6 8.e4 a6 9.d4 cxd4
10.Nxd4 Qc7 11.Be3 Nbd7 12.f4 h5 13.h3 g6 14.Rc1 Rc8 15.Nb3 Qb8 16.Qe2 Qa8
17.Bf2 Rg8 18.Nd4 e5 19.Nf3 Kf8 20.Nd5 Bd8 21.fxe5 dxe5 22.Be3 Kg7 23.Ng5 Bxd5
24.exd5 Qb8 25.b4 Be7 26.a3 a5 27.Bd2 Bd6 28.Rf1 Rge8 29.Be4 Re7 30.g4 hxg4
31.hxg4 Rh8 32.Kg2 Rh4 33.Rh1 Rxg4+ 34.Qxg4 Nxg4 35.Rh7+ Kg8 36.Rch1 Nf8
37.Rh8+ Kg7 38.Bf3 Nf6 39.R8h4 Re8 40.Ne4 Nxe4 41.Bxe4 f5 42.Bc2 e4 43.Bh6+ Kg8
44.Ba4 Rc8 45.Bxf8 Bxf8 46.Bd7 Rxc4 47.Be6+ Kg7 48.Rh7+ Kf6 49.Rg1 Rc2+ 50.Kh1 Bg7
51.Rh3 Qf4 52.bxa5 e3  0-1

[Event "Open"]
[Site "Ikaros GRE"]
[Date "2003.07.16"]
[Round "5"]
[White "Nikolaou,G"]
[Black "Melich,J"]
[Result "1-0"]
[WhiteElo "2218"]
[BlackElo "2107"]

1.Nf3 Nf6 2.c4 c5 3.g3 b6 4.Bg2 Bb7 5.O-O e6 6.Nc3 d6 7.d4 cxd4 8.Qxd4 a6
9.b3 Nbd7 10.Bb2 Be7 11.Rad1 Qc7 12.Rfe1 O-O 13.h3 Rfd8 14.e4 Rac8 15.Qd2 Qb8
16.Nd4 Qa8 17.Kh2 h5 18.Nd5 exd5 19.Nf5 Re8 20.Nxg7 Kxg7 21.Qg5+ Kh7 22.Qf5+ Kg8
23.exd5 Bf8 24.Bxf6 Nxf6 25.Qxf6 Rxe1 26.Rxe1 Re8 27.Be4 Qd8 28.Bh7+ Kxh7
29.Qxf7+ Bg7 30.Rxe8 Qf6 31.Qg8+  1-0

[Event "TCh-Europe u18"]
[Site "Balatonlelle HUN"]
[Date "2003.07.21"]
[Round "3"]
[White "Gasthofer,A"]
[Black "Papp,Ga"]
[Result "1/2-1/2"]
[WhiteElo "2412"]
[BlackElo "2376"]

1.Nf3 Nf6 2.g3 b6 3.Bg2 Bb7 4.O-O e6 5.c4 c5 6.Nc3 Be7 7.b3 d6 8.Bb2 a6 9.d4 cxd4
10.Nxd4 Bxg2 11.Kxg2 Qc7 12.e3 Nbd7 13.f4 Qb7+ 14.Qf3 Qxf3+ 15.Kxf3 Rc8 16.g4 h6
17.h4 Nc5 18.g5 Nfd7 19.Rad1 g6 20.Nde2 Rh7 21.Ng3 Rc6 22.Rd2 f6 23.Nce4 f5
24.Nc3 hxg5 25.hxg5 e5 26.Kg2 Rh4 27.Rh1 Rxh1 28.Kxh1 Kf7 29.Nd5 b5 30.Ba3 bxc4
31.bxc4 Bd8 32.Rh2 Nf8 33.Rb2 Nfd7 34.Rh2 Nf8 35.Rb2 Nfd7 36.Rh2 Nf8  1/2-1/2

[Event "KB Czech Open"]
[Site "Pardubice CZE"]
[Date "2003.07.24"]
[Round "7"]
[White "Espig,L"]
[Black "Fedorchuk,S"]
[Result "1/2-1/2"]
[WhiteElo "2418"]
[BlackElo "2557"]

1.Nf3 Nf6 2.c4 e6 3.g3 b6 4.Bg2 Bb7 5.O-O c5 6.Nc3 d5 7.cxd5 Nxd5 8.Nxd5 Bxd5
9.d4 Be7 10.dxc5 Bxc5 11.Ng5 Bxg2 12.Qxd8+ Kxd8 13.Kxg2 Ke7 14.Rd1 Na6 15.b3 Rhd8
16.Bb2 f6 17.Ne4 Rac8 18.Rac1 Rxd1  1/2-1/2

[Event "MTO"]
[Site "Biel SUI"]
[Date "2003.07.25"]
[Round "5"]
[White "Shchekachev,A"]
[Black "Buss,R"]
[Result "1-0"]
[WhiteElo "2550"]
[BlackElo "2283"]

1.Nf3 Nf6 2.c4 b6 3.g3 c5 4.Bg2 Bb7 5.O-O e6 6.Nc3 d6 7.b3 Be7 8.d4 cxd4
9.Qxd4 a6 10.Ba3 O-O 11.Rfd1 Ne8 12.e4 Qc7 13.Qe3 Nf6 14.e5 dxe5 15.Bxe7 Qxe7
16.Qxb6 Bxf3 17.Bxf3 Nbd7 18.Qd6 Qxd6 19.Rxd6 Ra7 20.Rad1 Rc8 21.Bc6 Rcc7
22.b4 Kf8 23.b5 Ke7 24.c5 axb5 25.Nxb5 Nxc5 26.Nxa7 Rxa7 27.R6d2 Ra6 28.Bg2 e4
29.Bf1 Ra5 30.Rb1 Nfd7 31.Rb5 Ra3 32.Kg2 f5 33.Rc2 Kd6 34.Rd2+ Ke7 35.Rc2 Kd6
36.Rb1 g5 37.Rd1+ Ke7 38.Bb5 Ra7 39.Rd4 Kf6 40.Kf1 Ke5 41.Rdc4 Kd6 42.a4 h5
43.Bxd7 Nxd7 44.Rc6+ Kd5 45.Rc7 Rxc7 46.Rxc7 Nc5 47.a5 g4 48.Ke2 Kd6 49.Rc8  1-0

[Event "MTO"]
[Site "Biel SUI"]
[Date "2003.07.27"]
[Round "6"]
[White "Riazantsev,A"]
[Black "Ulibin,M"]
[Result "1-0"]
[WhiteElo "2533"]
[BlackElo "2558"]

1.Nf3 c5 2.c4 Nf6 3.g3 b6 4.Bg2 Bb7 5.O-O e6 6.Nc3 Be7 7.Re1 d5 8.cxd5 exd5
9.d4 O-O 10.Bf4 Na6 11.dxc5 Bxc5 12.Be5 Ne4 13.Bd4 Re8 14.e3 Bxd4 15.Qxd4 Rc8
16.Ne2 Qe7 17.Rac1 Nb4 18.Rxc8 Bxc8 19.Rb1 Bf5 20.Rf1 Nf6 21.a3 Nc6 22.Qa4 Na5
23.Nc3 Rc8 24.Nd4 Bd7 25.Qd1 Qe5 26.Qe2 Nc4 27.Rc1 Bg4 28.Bf3 Bxf3 29.Nxf3 Qh5
30.Kg2 h6 31.h3 Nd6 32.Rd1 Nde4 33.g4 Qg6 34.Nxd5 Nxd5 35.Rxd5 Nf6 36.Rd4 Rc2
37.Rd2 Rc7 38.Nd4 Qe4+ 39.Qf3 Qe5 40.Qg3  1-0

[Event "MTO"]
[Site "Biel SUI"]
[Date "2003.07.29"]
[Round "8"]
[White "Krivonosov,O"]
[Black "Pikula,D"]
[Result "1/2-1/2"]
[WhiteElo "2438"]
[BlackElo "2489"]

1.Nf3 Nf6 2.c4 e6 3.g3 b6 4.Bg2 Bb7 5.O-O c5 6.Nc3 d6 7.d4 cxd4 8.Qxd4 a6
9.Rd1 Nbd7 10.Ng5 Bxg2 11.Kxg2 Rc8 12.Nge4 Rc6 13.Bg5 Be7 14.Nxf6+ Bxf6 15.Bxf6 Nxf6
16.Ne4 Nxe4 17.Qxe4 Qc7 18.a4 O-O 19.b3  1/2-1/2